| 000 | 01157cam a2200289 4500 | ||
|---|---|---|---|
| 001 | 7967 | ||
| 005 | 20181127184804.0 | ||
| 008 | 120616r19971996nyu 000 1 eng d | ||
| 010 | _a 2012427551 | ||
| 020 | _a0425158632 (pbk.) | ||
| 020 | _a9780425158630 (pbk.) | ||
| 100 | 1 |
_aClancy, Tom, _d1947-2013. |
|
| 245 | 1 | 0 |
_aExecutive orders / _cTom Clancy. |
| 250 | _aBerkley ed. | ||
| 260 |
_aNew York : _bBerkley Books, _c1997, c1996. |
||
| 300 |
_a1358, [1] p. ; _c18 cm. |
||
| 490 | 0 | _aA Berkley book | |
| 490 | 0 | _aBerkley novel | |
| 520 | _aJack Ryan becomes president by sheer accident when the former president, most of Congress, the Cabinet and the Supreme Court are bombed out of existence. Ryan must jump in to discover who did it, all the while contending with the threat of military takeover and covert biological warfare. | ||
| 600 | 1 | 0 |
_aRyan, Jack, _cSr. (Fictitious character) _vFiction. |
| 650 | 0 |
_aInternational relations _vFiction. |
|
| 650 | 0 |
_aPresidents _zUnited States _vFiction. |
|
| 650 | 0 |
_aWorld politics _vFiction. |
|
| 655 | 7 |
_aAdventure fiction. _2 |
|
| 655 | 7 |
_aPolitical fiction. _2 |
|
| 999 |
_c6852 _d6852 |
||